| 000 | 00797nam a2200265 a 4500 | ||
|---|---|---|---|
| 001 | BRL_1865 | ||
| 005 | 20190320211414.0 | ||
| 008 | 110815s1982----mx-a######---#000-0#spa-# | ||
| 020 | _a968666114X | ||
| 041 | _aspa | ||
| 044 | _amx | ||
| 050 | 4 |
_aNK8914 _b.L43 1982 |
|
| 100 | 1 |
_aLechuga, Ruth D. _94883 |
|
| 245 | 1 | 0 |
_aLas técnicas textiles en el México indígena _cRuth D. Lechuga. |
| 260 |
_aMixcoac, D.F. _bFondo Nacional para el Fomento de las Artesanías : FONAPAS _c1982 |
||
| 300 |
_a48 p. _bil. _c21 cm. |
||
| 500 | _aAu2207 | ||
| 500 | _a1982 año interamericano de las artesanias | ||
| 504 | _aBibliografía: p. 47-48 | ||
| 650 | 1 | 4 |
_aTejeduria _zMéxico _926884 |
| 650 | 1 | 4 |
_aTejido a mano _928077 |
| 650 | 1 | 4 |
_aArtesanías _zMéxico _93976 |
| 902 | _aGRL | ||
| 942 |
_2lcc _cB |
||
| 999 |
_c10673 _d10673 |
||